000 00447nmm a2200157Ia 4500
008 251105s9999||||xx |||||||||||||||||und||
020 _a9789560105394
041 _aspa
100 _aKraus, David
245 0 _aMis películas favoritas
264 _a[Santiago de Chile, Chile] :
_bRil editores,
_c2018
300 _a176 páginas
650 _aLatin American narrative
856 _uhttps://public.digitaliapublishing.com/a/65359
942 _cCF
999 _c93918
_d93918